000 01098nam a22003257a 4500
003 CHAP
005 20220329134639.0
008 971013s1985 r 00010 d
010 _a23555
011 _a24527
035 _a28626
040 _cCHAP
090 _aTesis
100 0 0 _aChinchilla Domínguez, Marden Dublio.
_922581
245 _aContribución al estudio regional del mercado de carne vacuna en México
260 _aChapingo, Méx. :
_bEl autor,
_c(1985?)
300 _a123 h
502 _aTesis (M.C. Esp. en Economía Agrícol) -- CP. Centro de Economía
590 _aALEPH
_b10
_c20130110
_lUCH01
_h1248
590 _aBATCH-UPD
_b10
_c20130110
_lUCH01
_h1829
590 _aBATCH-UPD
_b10
_c20130410
_lUCH01
_h1201
590 _aBATCH-UPD
_b10
_c20130914
_lUCH01
_h0850
590 _aCONVERSION
_b10
_c20130109
_lUCH01
_h1314
650 1 4 _aCarne de res
_xConsumo
_xMéxico.
_919196
650 1 4 _aCarne de res
_xMercadeo
_xMéxico.
_919213
901 _aBK
942 _cFOLL
949 _bBC
_cTES
_d-65931
_eTS1
_h17561
_i28626
_si
949 _bBC
_cTES
_d-65932
_eTS2
_fc.2
_h17562
_i28626
_si
999 _c23555
_d23555